De Joden van Amersfoort : rondom de geschiedenis van een oude sjoel /
Saved in:
| Main Author: | |
|---|---|
| Format: | Book |
| Language: | Dutch |
| Published: |
Amersfoort :
Joodse Gemeente Amersfoort,
c1977.
|
| Subjects: | |
| Tags: |
Add Tag
No Tags, Be the first to tag this record!
|
| LEADER | 00502nam a22001577u 4500 | ||
|---|---|---|---|
| 001 | 000074650-9 | ||
| 005 | 20020606090541.3 | ||
| 008 | 830127|1977 ne |||||||||||||||||dut|| | ||
| 035 | 0 | |a ocn234857682 | |
| 100 | 1 | |a Adelberg, Simon van, |d 1928- | |
| 245 | 1 | 3 | |a De Joden van Amersfoort : |b rondom de geschiedenis van een oude sjoel / |c Simon van Adelberg. |
| 260 | 0 | |a Amersfoort : |b Joodse Gemeente Amersfoort, |c c1977. | |
| 300 | |a 168 p. | ||
| 650 | 0 | |a Jews |z Netherlands |z Amersfoort |x History. | |
| 988 | |a 20020608 | ||
| 906 | |0 MH | ||


